Catálogo de las lenguas de las naciones conocidas, y numeración, división, y clases de estas según la diversidad de sus idiomas y dialectos

Spremljeno u:
Bibliografski detalji
Glavni autor: Hervás, Lorenzo (Autor)
Format: Knjiga
Jezik:španjolski
Izdano: Madrid Administración del Real Arbitrio de Beneficencia 1800
Teme:
Oznake: Dodaj oznaku
Bez oznaka, Budi prvi tko označuje ovaj zapis!

MARC

LEADER 00000nam a2200000 a 4500
001 UCN5258
003 CL-VaPUC
008 010824e18000000SP |||||||||||||||||spa|d
082 0 4 |a 400  |b HER  |2 21 
100 0 |a Hervás, Lorenzo  |e author  |9 461347 
245 1 0 |a Catálogo de las lenguas de las naciones conocidas, y numeración, división, y clases de estas según la diversidad de sus idiomas y dialectos 
300 |a v 
942 |c BK 
945 |d 20010824 00:00:00  |a cmena 
260 |a Madrid  |b Administración del Real Arbitrio de Beneficencia  |c 1800 
500 |a v.1: Lenguas y naciones americanas 
500 |a v.2: Lenguas y naciones de las islas de los mares Pacífico é Indiano Austral y Oriental, y del continente del Asia 
500 |a v.4: Tratado III. Lenguas y naciones europeas. Parte II: naciones europeas primitivas, sus lenguas matrices, y dialectos de estas 
500 |a v.5: Continuación del tratado III: lenguas y naciones europeas, y de la parte II, naciones primitivas: sus lenguas matrices, y dialectos de estas 
500 |a v.6: Continuación del tratado III, lenguas y naciones europeas; y de la parte II, naciones primitivas: sus lenguas matrices, y dialectos de estas 
650 0 |a Lingüística  |9 265068 
650 7 |a LENGUAS - CATALOGOS  |2 CL-VaPUC  |9 461348 
650 7 |a IDIOMAS  |2 CL-VaPUC  |9 461349 
650 7 |a DIALECTOS  |2 CL-VaPUC  |9 348323 
650 7 |a LINGUISTICA - HISTORIA  |2 CL-VaPUC  |9 316168 
650 0 |a Investigación lingüística  |9 329785 
583 |a last modification  |c 20010824 00:00:00  |k Rodrigo Vera 
999 |c 296912  |d 296910 
952 |0 0  |1 0  |4 0  |6 400_000000000000000_HER_1800  |7 0  |8 A  |9 351199  |a FDOPOS  |b FDOPOS  |d 2019-11-21  |h v.1  |i 3690296  |o 400 HER 1800  |p 3690296  |r 2025-01-22  |w 2019-11-21  |y BK  |k MLA 
952 |0 0  |1 0  |4 0  |6 400_000000000000000_HER_1800  |7 0  |8 A  |9 351200  |a FDOPOS  |b FDOPOS  |d 2019-11-21  |h v.2  |i 3690326  |o 400 HER 1800  |p 3690326  |r 2025-01-22  |w 2019-11-21  |y BK  |k MLA 
952 |0 0  |1 0  |4 0  |6 400_000000000000000_HER_1800  |7 0  |8 A  |9 351201  |a FDOPOS  |b FDOPOS  |d 2019-11-21  |h v.4  |i 3690318  |o 400 HER 1800  |p 3690318  |r 2025-01-22  |w 2019-11-21  |y BK  |k MLA 
952 |0 0  |1 0  |4 0  |6 400_000000000000000_HER_1800  |7 0  |8 A  |9 351202  |a FDOPOS  |b FDOPOS  |d 2019-11-21  |h v.5  |i 369030K  |o 400 HER 1800  |p 369030K  |r 2025-01-22  |w 2019-11-21  |y BK  |k MLA 
952 |0 0  |1 0  |4 0  |6 400_000000000000000_HER_1800  |7 0  |8 A  |9 351203  |a FDOPOS  |b FDOPOS  |d 2019-11-21  |h v.6  |i 3690288  |o 400 HER 1800  |p 3690288  |r 2025-01-22  |w 2019-11-21  |y BK  |k MLA